000 00773nam a22002297a 4500
003 UA-OsUOA
001 99376
007 ta
008 20130426b un ||||| |||| 00| 0 ukr d
100 _aСеребрякова Г.
090 _a821.161.1
_bС32
942 _cBK
040 _aUA-OsUOA
_brus
_cUA-OsUOA
_dUA-OsUOA
245 _aСобрание сочинений в шести томах
_b6
_cО других и о себе. Из поколения в поколение. Незатейливый узор
300 _a590 с.
955 _a3
041 _arus
080 _a821.161.1
260 _aМ.
_bХудожественная литература
_c1980
650 7 _a82 Література. Літературознавство
_2UDC
999 _c385489
_d385489